000 00298nam a22001337a 4500
008 170622b xxu||||| |||| 00| 0 eng d
020 _a2900618280734
041 _aeng
080 _25TH
_a94(7/8)
100 _a16
101 _aSHH
245 _aTHE ENDURING VISION
_cBOYER,P.S
942 _2udc
_cBK
999 _c18780
_d18780